000 01152nam0a2200301 i 4500
001 RU\NLR\bibl\1925118
005 20260406024522.0
010 _a9785963300671
_9100
021 _aRU
_b2012-46248
_93397
035 _a(NLR Aleph) 001914535
090 _a3221985
_c3221985
100 _a20120716d2012 u y0rusy50 ca
101 1 _arus
_ceng
102 _aRU
105 _ay |||||||||
200 1 _aЗдоровье от природы
_eестественное здоровье
_fКеннет С. Джеффри
_gпер. с англ. Йога Рàманантáты
210 _aМосква
_cСтарклайт
_d2012
215 _a197 с.
_d21
225 1 _aВся жизнь есть йога
327 1 _aВ прил.также материалы разных авторов на ту же тему
606 1 _aНатуропатия
_91042345
_3RU\NLR\auth\66401602
686 _aР359.19
700 1 _4070
_8rus
_7ca
_aКеннет
_bД. С.
_gДжеффри С.
_3RU\NLR\auth\77126108
_9109032
801 0 _aRU
_bNLR
_c20120716
_gRCR
801 1 _aRU
_bNLR
_c20120716
942 _cBOOK
980 _aNBR